| 000 | 00373nam a2200157Ia 4500 | ||
|---|---|---|---|
| 008 | 221030s9999 xx 000 0 und d | ||
| 020 | _a8174090169 | ||
| 041 | _aEnglish | ||
| 082 |
_a105.23 _bBim |
||
| 100 | _aP. S. Bimbhra | ||
| 245 | 0 |
_aElectrical Machinery _cby P. S. Bimbhra |
|
| 260 |
_bKhanna Pub _aNew Delhi _c2002 |
||
| 300 | _a1182 | ||
| 650 | _aEE | ||
| 942 | _cBK | ||
| 999 |
_c7914 _d7914 |
||